Science Fiction Author by Book - Statistics

General Stats
  • This quiz has been taken 97 times
  • The average score is 13 of 20
Answer Stats
Hint Answer % Correct
1984 George Orwell
92%
I, Robot Isaac Asimov
87%
Twenty Thousand Leagues Under the Seas Jules Verne
86%
Dune Frank Herbert
84%
The War of the Worlds H. G. Wells
81%
The Modern Prometheus (Frankenstein) Mary Shelley
81%
Do Androids Dream of Electric Sheep? Philip K. Dick
80%
Brave New World Aldous Huxley
78%
Jurassic Park Michael Crichton
77%
2001: A Space Odyssey Arthur C. Clarke
70%
The Handsmaid's Tale Margaret Atwood
67%
The Hunger Games Suzanne Collins
60%
The Left Hand of Darkness Ursula K. Le Guin
55%
Starship Troopers Robert A. Heinlein
54%
Ender's Game Orson Scott Card
49%
Hyperion Dan Simmons
42%
The Martian Andy Weir
37%
Ringworld Larry Niven
34%
Leviathan Wakes James S. A. Corey
25%
Old Man's War John Scalzi
22%
No matching quizzes found
Score Distribution
Percent of People with Each Score
Percentile by Number Answered
Your Score History
You have not taken this quiz